000 00664nam a22002297a 4500
003 UA-OsUOA
001 73106
007 ta
008 20110210b un ||||| |||| 00| 0 ukr d
100 _aИванченко И.
700 _aМаслов А.
090 _a330
_bИ23
942 _cSA
040 _aUA-OsUOA
_brus
_cUA-OsUOA
_dUA-OsUOA
245 _aМетодологический эклектизм трансмиссионного механизма денежно-кредитной политики
300 _aС.99-107
955 _a0
041 _arus
080 _a330
773 0 _w73101
650 7 _a330 Економіка взагалі
_2UDC
999 _c359391
_d359391